Statistics for Luxembourg True or False?

Click here to take the quiz!

General Stats

  • This quiz has been taken 497 times
  • The average score is 9 of 15

Answer Stats

QuestionAnswer% Correct
Luxembourg is the smallest country in Europe.False
96%
Luxembourg is part of the Benelux.True
89%
Luxembourg is considered as a tax haven.True
80%
Luxembourg was the first country to legalize same-sex marriage.False
79%
Luxembourg was part of Nazi Germany (at its peak in 1942).True
78%
Luxembourg is a Republic.False
75%
France Gall won Eurovision for Luxembourg.True
70%
Euthanasia is legal in Luxembourg.True
68%
Luxembourg is the richest country (per capita) in the world.False
61%
France has its shortest border with Luxembourg.False
53%
European Comission is located in Luxembourg.False
53%
RTL (Radio Télévision Luxembourg) is the largest european TV and radio company.True
50%
Luxembourg is divided in parishes.False
43%
Luxembourg is a Belgian province.True
39%
Most spoken languages in Luxembourg are French and German.False
15%

Score Distribution

Percentile by Number Answered

Percent of People with Each Score

Your Score History

You have not taken this quiz